000 01068nam a2200313 i 4500
001 000027225
003 DO-SdBNP
005 20251027104113.0
007 ta
008 110330s1982 dr acd 000 | spa d
040 _aDO-SdBNP
_bspa
_cBNPHU
_erda
041 _aspa
049 _aBNPD
082 4 _a972.9302
_bO77a
_222
100 1 _aOrtega, Elpidio,
_d1930-
_eautor
_4aut.
_954290
245 1 0 _aArqueología colonial de Santo Domingo /
_cElpidio Ortega, Carmen Fondeur
264 1 _aSanto Domingo :
_btaller,
_c1982.
300 _a588 páginas :
_bilustraciones, retratos, diagramas ;
_c23 cm.
336 _atexto
_btxt
_2rdacontent
337 _2rdamedia
_bn
_asin mediación
338 _avolumen
_bnc
_2rdacarrier
490 _aFundación Ortega Álvarez
_v4
500 _aIncluye datos biográficos del autor en la contracubierta.
590 _aInventariado, 2024/BT
650 4 _aArqueología
_xHistoria
_zRepública Dominicana
_957259
700 1 _aFondeur, Carmen,
_eautor
_4aut.
_953141
910 _aValidado. Control de calidad/ MAA
942 _2ddc
_cLBS1
999 _c26717
_d26717